INFORMATION TO COUNSELLING AND GUIDANCE (Record no. 23080)
[ view plain ]
| 000 -LEADER | |
|---|---|
| fixed length control field | 00349nam a22001577a 4500 |
| 003 - CONTROL NUMBER IDENTIFIER | |
| control field | SGT |
| 020 ## - INTERNATIONAL STANDARD BOOK NUMBER | |
| International Standard Book Number | 9789332551831 |
| 082 ## - DEWEY DECIMAL CLASSIFICATION NUMBER | |
| Classification number | 150,GIB |
| 100 ## - MAIN ENTRY--PERSONAL NAME | |
| Personal name | GIBSON,ROBERT.L |
| 245 ## - TITLE STATEMENT | |
| Title | INFORMATION TO COUNSELLING AND GUIDANCE |
| 250 ## - EDITION STATEMENT | |
| Edition statement | 7TH |
| 260 ## - PUBLICATION, DISTRIBUTION, ETC. (IMPRINT) | |
| Place of publication, distribution, etc | INDIA |
| Name of publisher, distributor, etc | PEARSON |
| Year of Publication | 2022 |
| 300 ## - PAGE DESCRIPTION | |
| No. of Pages | 523 |
| 650 ## - SUBJECT ADDED ENTRY--TOPICAL TERM | |
| Topical term or geographic name as entry element | PSYCHOLOGY |
| 942 ## - ADDED ENTRY ELEMENTS (KOHA) | |
| Source of classification or shelving scheme | Dewey Decimal Classification |
| Koha item type | Books |
| 942 ## - ADDED ENTRY ELEMENTS (KOHA) | |
| -- | 20 |
| Withdrawn status | Lost status | Source of classification or shelving scheme | Damaged status | Not for loan | Collection code | Home library | Current library | Shelving location | Date acquired | Vendor Name | Cost, normal purchase price | SGTU | Bill Number | Total Checkouts | Full call number | Accession No. (Barcode) | Date last seen | Date last borrowed | Bill Date | Koha item type |
|---|---|---|---|---|---|---|---|---|---|---|---|---|---|---|---|---|---|---|---|---|
| Dewey Decimal Classification | ENGINEERING | SGT Engineering Library | SGT Engineering Library | Text Book | 04/08/2022 | AHUJA BOOK COMPANY PVT.LTD | 650.00 | SGTU | 14706 | 5 | 150,GIB | FE8501 | 06/02/2024 | 24/01/2024 | 30/06/2022 | Books | ||||
| Dewey Decimal Classification | ENGINEERING | SGT Engineering Library | SGT Engineering Library | Text Book | 04/08/2022 | AHUJA BOOK COMPANY PVT.LTD | 650.00 | SGTU | 14706 | 4 | 150,GIB | FE8502 | 09/09/2025 | 09/09/2025 | 30/06/2022 | Books | ||||
| Dewey Decimal Classification | ENGINEERING | SGT Engineering Library | SGT Engineering Library | Text Book | 04/08/2022 | AHUJA BOOK COMPANY PVT.LTD | 650.00 | SGTU | 14706 | 6 | 150,GIB | FE8503 | 24/07/2023 | 22/05/2023 | 30/06/2022 | Books | ||||
| Dewey Decimal Classification | ENGINEERING | SGT Engineering Library | SGT Engineering Library | Text Book | 04/08/2022 | AHUJA BOOK COMPANY PVT.LTD | 650.00 | SGTU | 14706 | 7 | 150,GIB | FE8504 | 30/03/2026 | 16/03/2026 | 30/06/2022 | Books |